000 00875nabaa22001937a 4500
999 _c6121
_d6121
003 OSt
005 20260122204550.0
008 190701b xxu||||| |||| 00| 0 spa d
040 _cPJ
100 _96887
_aIsabella, Diego P.
245 1 0 _aUna reforma legal para la impugnación de ordenanzas municipales /
_bDiego P. Isabella
300 _ap. 71-91
505 _aSumario: I. La cuestión migratoria.— II. Las prerrogativas de la Administración.— III. Los derechos del administrado.— IV. Regularizar lo irregular.— V. Conclusión.
505 _t¿Te interesa el texto completo? Comunicate al correo: koha@justierradelfuego.gov.ar
650 0 _9211
_aDERECHO ADMINISTRATIVO
650 0 _9827
_aORDENANZAS MUNICIPALES
773 0 _02842
_93251
_dBuenos Aires : AbeledoPerrot, 2012-
_oDA121
_tDerecho administrativo. Nº 147 mayo/junio 2023
_z18510590
942 _2udc
_cANA